000 00296nam a22001217a 4500
008 170202b xxu||||| |||| 00| 0 eng d
041 _aeng
080 _a61
100 _a3
101 _aSHM
245 _aPANEL OF CLINICAL FOR THE TREATMENT OF HIV INFECTION
_cGIAVINI ALIVERT
942 _2udc
_cBK
999 _c4306
_d4306